书目信息 |
| 题名: |
新疆地下水科学事业的发展与成就
|
|
| 作者: | 周金龙 主编 | |
| 分册: | ||
| 出版信息: | 北京 中国水利水电出版社 2012 |
|
| 页数: | 323页 | |
| 开本: | 26cm | |
| 丛书名: | ||
| 单 册: | ||
| 中图分类: | P641.8 | |
| 科图分类: | ||
| 主题词: | 地下水资源--水资源管理--概况--新疆 | |
| 电子资源: | ||
| ISBN: | 978-7-5084-9415-9 | |
| 000 | 01067nam0 2200241 450 | |
| 001 | 012015000627 | |
| 005 | 20150914155303.93 | |
| 010 | @a978-7-5084-9415-9@dCNY55.00 | |
| 100 | @a20120504d2012 em y0chiy50 ea | |
| 101 | 0 | @achi |
| 102 | @aCN@b110000 | |
| 105 | @ac z 000yy | |
| 106 | @ar | |
| 200 | 1 | @a新疆地下水科学事业的发展与成就@Axin jiang di xia shui ke xue shi ye de fa zhan yu cheng jiu@f周金龙主编 |
| 210 | @a北京@c中国水利水电出版社@d2012 | |
| 215 | @a323页@c肖像@d26cm | |
| 300 | @a新疆自治区重点学科“水文学及水资源”建设项目资助出版 | |
| 330 | @a本书对新疆和平解放60多年来地下水科学事业的发展与成就进行了较全面的总结。全书共分26章,第1章为大事记,用较大篇幅记述了相关单位成立时间及历史沿革。第2~25章分别从水文地质普查、区域地下水资源评价、区域地下水资源调查与规划等24个方面,综述了新疆地下水科学事业所取得的成就。第26章为促进新疆地下水科学发展的若干建议。 | |
| 606 | 0 | @a地下水资源@x水资源管理@x概况@y新疆 |
| 690 | @aP641.8@v5 | |
| 701 | 0 | @a周金龙@Azhou jin long@4主编 |
| 801 | 0 | @aCN@b碧洲教育@c20150718 |
| 905 | @a10447@f4@dP641.8@e56 | |
| 新疆地下水科学事业的发展与成就/周金龙主编.-北京:中国水利水电出版社,2012 |
| 323页:肖像;26cm |
| 新疆自治区重点学科“水文学及水资源”建设项目资助出版 |
| ISBN 978-7-5084-9415-9:CNY55.00 |
| 本书对新疆和平解放60多年来地下水科学事业的发展与成就进行了较全面的总结。全书共分26章,第1章为大事记,用较大篇幅记述了相关单位成立时间及历史沿革。第2~25章分别从水文地质普查、区域地下水资源评价、区域地下水资源调查与规划等24个方面,综述了新疆地下水科学事业所取得的成就。第26章为促进新疆地下水科学发展的若干建议。 |
| ● |
| 相关链接 |
|
|
|
|
正题名:新疆地下水科学事业的发展与成就
索取号:P641.8/56
 
预约/预借
| 序号 | 登录号 | 条形码 | 馆藏地/架位号 | 状态 | 备注 |
| 1 | 0848653 | 208486538 | 第二样本阅览室/ [索取号:P641.8/56] | 在馆 | |
| 2 | 0848654 | 208486547 | 第三借阅区/ [索取号:P641.8/56] | 在馆 | |
| 3 | 0848655 | 208486556 | 第三借阅区/ [索取号:P641.8/56] | 在馆 | |
| 4 | 0848656 | 208486565 | 第三借阅区/ [索取号:P641.8/56] | 在馆 |